MARC details
| 000 -CABECERA |
| campo de control de longitud fija |
01794nam a2200301 4500 |
| 003 - IDENTIFICADOR DEL NÚMERO DE CONTROL |
| campo de control |
EC-UNACH |
| 005 - FECHA Y HORA DE LA ÚLTIMA TRANSACCIÓN |
| campo de control |
20251125134852.0 |
| 006 - CÓDIGOS DE INFORMACIÓN DE LONGITUD FIJA--CARACTERÍSTICAS DEL MATERIAL ADICIONAL |
| campo de control de longitud fija |
s||||gr|||| 00| 00 |
| 008 - DATOS DE LONGITUD FIJA--INFORMACIÓN GENERAL |
| campo de control de longitud fija |
150116t9999 mx r gr 000 0 spa d |
| 020 ## - NÚMERO INTERNACIONAL ESTÁNDAR DEL LIBRO |
| Número Internacional Estándar del Libro |
978-9978-332-87-0 |
| 040 ## - FUENTE DE LA CATALOGACIÓN |
| Centro catalogador/agencia de origen |
EC-UNACH |
| Centro/agencia transcriptor |
EC-UNACH |
| 041 ## - CÓDIGO DE LENGUA |
| Código de lengua del texto/banda sonora o título independiente |
spa |
| 082 04 - NÚMERO DE LA CLASIFICACIÓN DECIMAL DEWEY |
| Número de edición |
23 |
| Número de clasificación |
070.4 |
| Número de documento/Ítem |
L018392 |
| 110 ## - ENTRADA PRINCIPAL--NOMBRE DE ENTIDAD CORPORATIVA |
| Nombre de entidad corporativa o nombre de jurisdicción como elemento de entrada |
Editorial mar abierto |
| 245 ## - MENCIÓN DE TÍTULO |
| Título |
Los herederos del lenguaje |
| 250 ## - MENCIÓN DE EDICIÓN |
| Mención de edición |
Primera edición |
| 264 ## - Producción, publicación, distribución, fabricación y copyright |
| Lugar de producción, publicación, distribución, fabricación |
Ecuador |
| Nombre del de productor, editor, distribuidor, fabricante |
Editorial mar abierto |
| Fecha de de producción, publicación, distribución, fabricación o copyright |
2013 |
| 300 ## - DESCRIPCIÓN FÍSICA |
| Extensión |
167 |
| 505 ## - NOTA DE CONTENIDO CON FORMATO |
| Nota de contenido con formato |
Indice - - Prólogo - - Porqué un libro - - Agradecimientos - - Mario Vargas Llosa. Un escritor aferrado a la literatura - - Fernando Savater. El filósofo que no concibe la vida sin la lectura - - Elena Poniatowska. Con la piel de la ternura - - Carlos Monsivais. La ida de decir el intelectual debe ser esto o aquello ya pasó - - Laura Restrepo. La escritora que le huye a la fama - - Jorge Franco. Sin la carga del realismo mágico - - Sergio Ramírez. La escritura hace mejor a los pueblos - - Jorge Edwars. En toda buena novela tiene que haber poesía - - Nélida Piñón. Yo soy una enamorada de la amistad. El afecto redime - - José Rafael Sánchez. Me atrevo a decir que escribo con la oreja - - Juan Gabriel Vázquez. Hay gente que necesita irse para entender las cosas - - Antonio Skarmeta. Yo aspiro a realizar narraciones comunicativas - - Miguel Donoso Pareja. Sigo siendo tan curioso como cuando era joven - - Encuentros - - Algunos autores y su obra (comentarios a sus libros). |
| 650 ## - PUNTO DE ACCESO ADICIONAL DE MATERIA--TÉRMINO DE MATERIA |
| Término de materia o nombre geográfico como elemento inicial |
LENGUAJE |
| 650 ## - PUNTO DE ACCESO ADICIONAL DE MATERIA--TÉRMINO DE MATERIA |
| Término de materia o nombre geográfico como elemento inicial |
CULTURA IBEROAAMERICANA |
| 650 ## - PUNTO DE ACCESO ADICIONAL DE MATERIA--TÉRMINO DE MATERIA |
| Término de materia o nombre geográfico como elemento inicial |
ESCRITORES LATINOAMERICANOS |
| 700 ## - PUNTO DE ACCESO ADICIONAL--NOMBRE DE PERSONA |
| Nombre de persona |
Clara Medina |
| 942 ## - ELEMENTOS DE PUNTO DE ACCESO ADICIONAL (KOHA) |
| Fuente del sistema de clasificación o colocación |
Clasificación Decimal Dewey |
| Tipo de ítem Koha |
Libros |
| 999 ## - NÚMEROS DE CONTROL DE SISTEMA (KOHA) |
| Koha biblionumber |
14220 |